• 首页
  • 本馆介绍
  • 公告通知
  • 最新文献
  • 馆藏检索
  • 电子资源
  • 读者荐购
  • 参考咨询
  • CALIS
  • 我的图书馆
  • 登录
  • 详细信息显示
  • 放入我的书架
  • 预约/预借图书
  • 作者相关作品
  • 分类相关作品
  • 丛书相关作品
  • 出版社相关作品

书目信息

  • 表格格式
  • 工作单格式
  • 卡片格式
题名:
行政组织学
    
 
作者: 张成福 主编
分册:  
出版信息: 北京   中央广播电视大学出版社  2022.01
页数: 267页
开本: 20cm
丛书名:
单 册:
中图分类: D035
科图分类:
主题词: 国家理论
电子资源:
ISBN: 978-7-304-11116-8
 
 
 
 
 
000 00809nam0 2200217 450
001 2459482895
005 20241104163328.14
010    @a978-7-304-11116-8@dCNY35.00
100    @a20241104d2022 km y0chiy0120 ea
101 0  @achi
102    @aCN@b110000
200 1  @a行政组织学@AXing Zheng Zu Zhi Xue@f张成福主编@FZhang Cheng Fu Zhu Bian
205    @a3版
210    @a北京@c中央广播电视大学出版社@d2022.01
215    @a267页@d20cm
330    @a本书共分十五章, 内容包括 : 行政组织学导论、组织理论的发展、行政组织的环境与管理、行政组织的结构与设计、中国行政组织结构、行政组织的社会心理与管理、行政组织中的领导、行政组织中的决策、行政组织中的冲突管理等。
606 0  @a国家理论
690    @aD035@v4
701  0 @a张成福@AZhang Cheng Fu@4主编
801  0 @aCN@b河南城建学院图书馆@c20241104
905    @dD035@eZ0811=3
    
    行政组织学/张成福主编.-3版.-北京:中央广播电视大学出版社,2022.01
    267页;20cm
    
    
    ISBN 978-7-304-11116-8:CNY35.00
    本书共分十五章, 内容包括 : 行政组织学导论、组织理论的发展、行政组织的环境与管理、行政组织的结构与设计、中国行政组织结构、行政组织的社会心理与管理、行政组织中的领导、行政组织中的决策、行政组织中的冲突管理等。
●
相关链接 在E读中查询图书 在当当中查询图书 在豆瓣中查询图书


正题名:行政组织学     索取号:D035/Z0811=3         预约/预借

序号 登录号 条形码 馆藏地/架位号 状态 备注
1 1553997   215539978   社科库509/509社科库 67排8列2层/ [索取号:D035/Z0811=3] 在馆    
2 1553998   215539987   社科库509/509社科库 67排8列2层/ [索取号:D035/Z0811=3] 在馆    
河南城建学院图书馆 欢迎您!
大连网信软件有限公司© 版权所有